000
00230 a2200097 4500
001
38348
100
_a
Thomas M
245
_a
Supercharge your management role
260
_a
G Br
_b
Butter worth Heinemann
_c
090
_c
24367
_d
24367
942
_a
NUST-CAE
_c
M
_c
15966
999
_c
273421
_d
273421